000 01296nam a22002657a 4500
005 20170124103100.0
010 _a986112
020 _c80.00
035 _a986112
037 _bCen Lib/Ret
040 _aDPL
_bHN
082 _a822.08
_bमोहन
100 _aरीता कुमार
_9142285
245 _aस्वातन्त्रोत्तर हिंदी नाटक : मोहन राकेश के विशेष सम्बन्ध में /
_cरीता कुमार
246 _aSwatnttotar hindi natak : mohan rakesh ke vishesh sambandh me
_bby Reeta Kumar
260 _aसाहिबाबाद
_bविभु प्रकाशन
_c1980
270 _aसी -99,श्याम एन्क्लेव ज्ञानी बॉर्डर
_bसाहिबाबाद
_e201005
300 _a386पृष्ठ.
_c20सेमी(सजिल्द)
500 _aसन्दर्भ ग्रथ शामिल
650 _aहिंदी साहित्य
_9142286
650 _aहिंदी नाटक बदलते सन्दर्भ
_976528
650 _aHindi literature
_9142287
650 _aHindi drama changing context
_976530
942 _2ddc
_cHN
_h822.08
_mमोहन
999 _c117730
_d117730